000
00209nam a22000857a 4500
008
160624b xxu||||| |||| 00| 0 eng d
100
_9
984
_a
Jurgensen, B
245
_a
Parents UGH!
260
_a
Michigan
_b
Zondervan
_c
1968
999
_c
783
_d
783